000 00295nam a2200121 i 4500
001 bg
245 0 _aMetody resenija zadacz matematiczeskogo programmirowanija...
260 _aNowosibirsk,
_c1984.
040 _cBPK
041 _apol
942 _cKS
008 s pl f |000 0 pol
999 _c28083
_d28083
856 _uhttp://koha.tu.koszalin.pl/cgi-bin/koha/opac-detail.pl?biblionumber=28083
_yKatalog online BPK